[Event "Stockholm Challenge"]
[Site "Stockholm"]
[Date "2018.05.03"]
[Round "5"]
[White "Storme, Isak"]
[Black "Jeferli, Mohammedali"]
[Result "1-0"]
[WhiteElo "2323"]
[BlackElo "1842"]
[PlyCount "85"]
[EventDate "2018.04.30"]
[EventType "swiss"]
[EventRounds "9"]
[EventCountry "SWE"]
[SourceTitle "CBM 184 Extra"]
[Source "ChessBase"]
[SourceDate "2018.06.28"]
[SourceVersion "1"]
[SourceVersionDate "2018.06.28"]
[SourceQuality "1"]

1. Nf3 e6 2. g3 b6 3. Bg2 Bb7 4. 0-0 Nf6 5. c4 Be7 6. d4 0-0 7. Nc3 d5 8. Ne5 Nbd7 9. Qa4 c5 10. Nxd7 Nxd7 11. cxd5 cxd4 12. Qxd4 Bf6 13. Qd2 Bxc3 14. bxc3 exd5 15. c4 Nf6 16. Bb2 Ne4 17. Qd4 f6 18. Rad1 Re8 19. cxd5 Qe7 20. f3 Ng5 21. e4 Nf7 22. f4 Rac8 23. Rf2 Ba6 24. d6 Qd7 25. Bh3 Qxh3 26. d7 Red8 27. dxc8Q Bxc8 28. Qa4 Bd7 29. Qxa7 Nh6 30. Qc7 Nf7 31. Rfd2 Qg4 32. Rxd7 Qxd1+ 33. Rxd1 Rxd1+ 34. Kg2 Rd2+ 35. Kf3 Rxb2 36. Qc8+ Nd8 37. Qxd8+ Kf7 38. Qd7+ Kg6 39. Qe8+ Kh6 40. h4 Rxa2 41. Kg4 Ra5 42. f5 Rxf5 43. exf5 1-0

[Event "Stockholm Challenge"]
[Site "Stockholm"]
[Date "2018.05.02"]
[Round "4"]
[White "Sorensen, Hampus"]
[Black "Jeferli, Mohammedali"]
[Result "1-0"]
[WhiteElo "2243"]
[BlackElo "1842"]
[PlyCount "125"]
[EventDate "2018.04.30"]
[EventType "swiss"]
[EventRounds "9"]
[EventCountry "SWE"]
[SourceTitle "CBM 184 Extra"]
[Source "ChessBase"]
[SourceDate "2018.06.28"]
[SourceVersion "1"]
[SourceVersionDate "2018.06.28"]
[SourceQuality "1"]

1. d4 e6 2. c4 Nf6 3. Nf3 Bb4+ 4. Bd2 Qe7 5. g3 b6 6. Bg2 Bb7 7. 0-0 0-0 8. a3 Bxd2 9. Qxd2 Ne4 10. Qc2 d5 11. Nc3 c5 12. Rfd1 Nxc3 13. Qxc3 dxc4 14. Qxc4 Nd7 15. dxc5 Nxc5 16. Ne5 Rac8 17. Qf4 f6 18. Nf3 Ba6 19. Qe3 Na4 20. Rd2 Nc5 21. Nd4 Bb7 22. Nf5 Qc7 23. Bxb7 Rcd8 24. Rxd8 Rxd8 25. b4 exf5 26. bxc5 Qxb7 27. Qe6+ Qf7 28. Qxf5 Qd5 29. Qxd5+ Rxd5 30. cxb6 axb6 31. Rb1 Ra5 32. Rb3 b5 33. Kf1 Kf7 34. Ke1 Ke6 35. Kd2 Ra4 36. Kc2 Re4 37. e3 Re5 38. Rd3 Rf5 39. Rd2 Rh5 40. h4 Rc5+ 41. Kb3 Rc1 42. Kb2 Rc5 43. Rc2 Rd5 44. Kc3 Rd1 45. Rb2 Ra1 46. Kb4 Kd6 47. Rd2+ Kc6 48. Rc2+ Kb6 49. Kb3 Rb1+ 50. Rb2 Rc1 51. Rc2 Rb1+ 52. Kc3 Rd1 53. Rd2 Rc1+ 54. Kd4 Ka5 55. Rd3 Ka4 56. e4 Rc2 57. f4 Ra2 58. e5 fxe5+ 59. fxe5 Rxa3 60. Rxa3+ Kxa3 61. e6 b4 62. e7 b3 63. e8Q 1-0

[Event "Stockholm Challenge"]
[Site "Stockholm"]
[Date "2018.05.01"]
[Round "2"]
[White "Thorn, Eric"]
[Black "Jeferli, Mohammedali"]
[Result "1-0"]
[WhiteElo "2312"]
[BlackElo "1842"]
[PlyCount "87"]
[EventDate "2018.04.30"]
[EventType "swiss"]
[EventRounds "9"]
[EventCountry "SWE"]
[SourceTitle "CBM 184 Extra"]
[Source "ChessBase"]
[SourceDate "2018.06.28"]
[SourceVersion "1"]
[SourceVersionDate "2018.06.28"]
[SourceQuality "1"]

1. d4 Nf6 2. c4 e6 3. Nf3 Bb4+ 4. Nbd2 c5 5. a3 Bxd2+ 6. Qxd2 Ne4 7. Qc2 d5 8. dxc5 a5 9. b3 Na6 10. Bb2 0-0 11. e3 Naxc5 12. Be2 Qb6 13. Nd4 e5 14. Nb5 Bf5 15. Bxe5 Ng3 16. Qb2 Nxh1 17. Bxg7 Rfd8 18. Bd4 Qg6 19. Bxc5 Qxg2 20. Bf1 Qg1 21. f3 dxc4 22. bxc4 Bh3 23. Qe2 Qxf1+ 24. Qxf1 Bxf1 25. Kxf1 Rd2 26. e4 Rxh2 27. Kg1 Rh5 28. Bd6 Kh8 29. Ra2 h6 30. c5 Kh7 31. Nd4 Rd8 32. e5 Ng3 33. Rg2 Nf5 34. Nxf5 Rxf5 35. Kf2 Rg8 36. Rh2 Rgg5 37. Ke3 Rh5 38. Rb2 Rh3 39. Rxb7 Rhxf3+ 40. Ke4 R5f4+ 41. Kd5 Rd3+ 42. Kc6 Rxa3 43. e6 Rb4 44. exf7 1-0